LEADER 01774nam a2200397 a 4500 001 000000168995 003 CaOOAMICUS 005 20180724104917.0 008 180724s2018 it u000 u ita r 020 $a978-88-9317-592-0* 032 $aLibriCat 040 $aPUL$bita 082 04$a348.45 110 1 $aItalia.$0(OLS)http://pul/name/1188 240 10$aCodice penale (2018).$0(OLS)http://pul/title/209542 245 10$aCodice penale e di procedura penale e leggi complementari /$ca cura di Luigi Alibrandi (per il codice penale) ; Piermaria Corso (per il codice di procedura penale) 250 $a50. ed. 260 $aPiacenza :$bLa Tribuna,$c©2018. 300 $a2285 p. ;$c19 cm. 490 1 $aI codici vigenti 2018 500 $aComprende indici. 500 $aTesto su due colonne. 500 $aSulla coperta: Aggiornato con la Riforma delle impugnazioni (D.L.vo 6/2/2018, n. 11). 630 04$aCodice penale$zItalia.$0(OLS)http://pul/subject/12325 650 4$aProcedura penale$zItalia.$0(OLS)http://pul/subject/12686 700 1 $aAlibrandi, Luigi.$0(OLS)http://pul/name/45474 700 1 $aCorso, Piermaria.$0(OLS)http://pul/name/35334 830 2$aI Codici vigenti 2018.$0(OLS)http://pul/title/209366 850 $aPUL 852 $aPUL$W1$xDP2 Diritto e Scienze Sociali 3$y110$m348. 45 COD 3.1.114$j192292$qDDC 21$B196956$CPULBib$Z2$F196956 $H131225 $81 941 1 $a9 996 $6020$a978-88-9317-592-0*$9(OLS)http://pul/number/164621 996 $6082$a348.45$9(OLS)http://pul/classification/373 996 $6245$aCodice penale e di procedura penale e leggi complementari$9(OLS)http://pul/title/178222 996 $6260$aPiacenza :$bLa Tribuna$9(OLS)http://pul/publisher/69734 LEADER 01580nam a2200301 a 4500 001 000000171281 003 CaOOAMICUS 005 20181221152552.0 008 181221s2017 sp f 000 u spa r 020 $a978-84-946783-6-3* 032 $aLibriCat 040 $aPUL$bita 082 14$a262.94 100 1 $aArjona Zurera, Juan Luis.$0(OLS)http://pul/name/110029 245 10$aAnálisis pragmático-discursivo de los textos de demandas de divorcio del Tribunal eclesiástico de Córdoba (siglos XVI, XVII y XVIII) / $cJuan Luis Arjona Zurera. 260 $aCórdoba :$bCentro de Magisterio "Sagrado Corazón",$c©2017. 300 $a2 v. :$btav. ;$c24 cm. 504 $aBibliografia in nota a piè pagina. 650 4$aTribunali ecclesiastici.$0(OLS)http://pul/subject/2672 850 $aPUL 852 $aPUL$W1$xDP2 Diritto Canonico 3$y99$m262. 94 ARJJU 1.2$j194962$bv. 2$qDDC 21$B199862$CPULBib$Z2$F199862 $H132020 $82 852 $aPUL$W1$xDP2 Diritto Canonico 3$y99$m262. 94 ARJJU 1.1$j194963$bv. 1$qDDC 21$B199863$CPULBib$Z2$F199863 $H132019 $81 941 1 $a9 996 $6020$a978-84-946783-6-3*$9(OLS)http://pul/number/165597 996 $6082$a262.94$9(OLS)http://pul/classification/422 996 $6245$aAnálisis pragmático-discursivo de los textos de demandas de divorcio del Tribunal eclesiástico de Córdoba (siglos XVI, XVII y XVIII) / $9(OLS)http://pul/title/212123 996 $6260$aCórdoba :$bCentro de Magisterio "Sagrado Corazón"$9(OLS)http://pul/publisher/87144